000 00321nam a2200133 a 4500
005 20140414093834.0
008 030611s19uu xx 00 eng d
050 _aVCD 791.43
_bSha 1999
245 _aShakespeare in Love.
500 _a(2 CD's inside)
650 _aMotion pictures.
942 _cAVM
999 _c108909
_d108909